00950nam a22002175i 4500001000700000003000900007005001700016008004100033080001000074080000700084100003900091245018400130260007700314300002200391505009100413650002700504650001900531700002500550710006300575852009400638164784ES-MaACL20250930063145.0991215s1860 sp |||| | spa d a27-42 a171 aSanz Lafuente, Miguel, d1804-188010aDiscursos pronunciados en la Real Academia de Ciencias Morales y Políticas con motivo de la recepción pública del Ilmo. Sr. D. Miguel Sanz y Lafuente, en 27 de mayo de 1860. aMadrid : b[s.n.], c1860 (fImp. de Tejado, a cargo de Rafael Ludeña) a100 p. ; c26 cm.8 aContiene: Discurso del Sr. D. Miguel Sanz . Contestacion del Sr. D. Santiago de Tejada 7aMoral cristiana2embne 7aÉtica2embne1 aTejada, Santiago de.2 aReal Academia de Ciencias Morales y Políticas (España)4 aES-MaACLjT-54-F-4 z- Enc. hol., falto de cub. original z- Enc. en un vol. facticio